[Event "Barranquilla Carnaval Cup"]
[Site "Barranquilla"]
[Date "2024.02.07"]
[Round "8"]
[White "Fernandez Noriega, Shayra Maria"]
[Black "Acosta Ojeda, Edson de Jesus"]
[Result "1-0"]
[WhiteElo "1290"]
[BlackElo "1212"]
[PlyCount "32"]
[EventDate "2024.02.03"]
[EventType "swiss"]
[EventRounds "9"]
[EventCountry "COL"]
[SourceTitle "CB07_2024"]
[SourceDate "2024.02.14"]
[SourceVersion "1"]
[SourceVersionDate "2024.02.14"]
[SourceQuality "1"]

1. e4 e5 2. Nf3 Nc6 3. Bb5 d6 4. Nc3 Bd7 5. d3 a6 6. Bc4 Bg4 7. Be3 Nd4 8. Bxd4 exd4 9. Ne2 Bxf3 10. gxf3 c5 11. Qd2 b5 12. Bd5 Rb8 13. c3 Nf6 14. Bb3 dxc3 15. Nxc3 Be7 16. 0-0-0 0-0 1-0

[Event "COL-ch U14 Girls"]
[Site "Cartagena"]
[Date "2023.04.14"]
[Round "3"]
[White "Fernandez Noriega, Shayra Maria"]
[Black "Varela Acosta, Valeria"]
[Result "1-0"]
[WhiteElo "1290"]
[BlackElo "1366"]
[PlyCount "83"]
[EventDate "2023.04.13"]
[EventType "swiss"]
[EventRounds "7"]
[EventCountry "COL"]
[SourceTitle "CBM 213 Extra"]
[Source "ChessBase"]
[SourceDate "2023.05.31"]
[SourceVersion "1"]
[SourceVersionDate "2023.05.31"]
[SourceQuality "1"]

1. e4 e5 2. Nf3 Nc6 3. Bc4 Bc5 4. c3 Nf6 5. d3 d6 6. a4 Be6 7. Ba2 Qd7 8. 0-0 0-0-0 9. b4 Bb6 10. a5 Nxa5 11. bxa5 Bxa5 12. Bxe6 fxe6 13. Rxa5 a6 14. Be3 Rdg8 15. Nbd2 Ng4 16. h3 Nxe3 17. fxe3 g5 18. d4 exd4 19. Rxg5 dxe3 20. Nc4 h6 21. Rxg8+ Rxg8 22. Nxe3 d5 23. exd5 exd5 24. Qxd5 Qxh3 25. Qf5+ Qxf5 26. Nxf5 Kd7 27. Nxh6 Rg6 28. Ne5+ Ke6 29. Nxg6 b5 30. g4 a5 31. Nf4+ Kd6 32. Nd3 Kd5 33. g5 a4 34. g6 a3 35. g7 Kc4 36. g8Q+ Kxd3 37. Rd1+ Kxc3 38. Qg3+ Kc2 39. Qd3+ Kb2 40. Rd2+ Ka1 41. Qxa3+ Kb1 42. Qb2# 1-0

[Event "COL-ch U12 Girls"]
[Site "Choconta"]
[Date "2023.03.18"]
[Round "2"]
[White "Taborda Borja, Valeria"]
[Black "Fernandez Noriega, Shayra Maria"]
[Result "1-0"]
[WhiteElo "1203"]
[BlackElo "1231"]
[PlyCount "125"]
[EventDate "2023.03.17"]
[EventType "swiss"]
[EventRounds "7"]
[EventCountry "COL"]
[SourceTitle "CBM 213 Extra"]
[Source "ChessBase"]
[SourceDate "2023.05.31"]
[SourceVersion "1"]
[SourceVersionDate "2023.05.31"]
[SourceQuality "1"]

1. e4 e5 2. Nf3 Nc6 3. Bc4 Bc5 4. d3 Nf6 5. Nc3 d6 6. Bg5 h6 7. Be3 Bb4 8. Qd2 Bg4 9. h3 Bxf3 10. gxf3 Qd7 11. 0-0-0 0-0-0 12. a3 Bxc3 13. Qxc3 a6 14. Rdg1 g5 15. d4 Nh5 16. Rd1 Nf4 17. Bxf4 gxf4 18. Bd5 exd4 19. Bxc6 dxc3 20. Bxd7+ Rxd7 21. bxc3 Rhd8 22. Rhg1 d5 23. exd5 Rxd5 24. Rxd5 Rxd5 25. Rg7 Rc5 26. Rxf7 Rxc3 27. Rxf4 Rxa3 28. h4 Ra1+ 29. Kd2 Rh1 30. Rg4 h5 31. Re4 b5 32. c3 Kb7 33. Kc2 Rh2 34. Kb3 Rxf2 35. Re5 Rxf3 36. Rxh5 a5 37. Rxb5+ Ka6 38. Rc5 Kb6 39. Rh5 Rf6 40. Rh8 Kb7 41. h5 Rb6+ 42. Ka4 Ra6 43. h6 c5 44. h7 Rh6 45. Kxa5 Rh5 46. Kb5 Kc7 47. c4 Kd7 48. Kb6 Ke7 49. Rc8 Rh6+ 50. Kb7 Kd7 51. h8Q Rxh8 52. Rxh8 Kd6 53. Kb6 Ke5 54. Kxc5 Ke4 55. Kb5 Kd4 56. c5 Ke5 57. c6 Kf6 58. c7 Kg7 59. c8Q Kf7 60. Qc6 Kg7 61. Rb8 Kf7 62. Rb7+ Kf8 63. Qc8# 1-0